Σχήματα Χωρών από Ι - Statistics

General Stats
  • This quiz has been taken 8 times
  • The average score is 12 of 13
Answer Stats
Picture Answer % Correct
Ιαπωνία
100%
Ινδία
100%
Ινδονησία
100%
Ισλανδία
100%
Ισπανία
100%
Ιταλία
100%
Ιράκ
88%
Ιράν
88%
Ιρλανδία
88%
Ισραήλ
88%
Ιορδανία
75%
Ισημερινός
75%
Ισημερινή Γουινέα
63%
No matching quizzes found
Score Distribution
Percent of People with Each Score
Percentile by Number Answered
Your Score History
You have not taken this quiz